00434 a2200145 450000100060000002000150000604000370002110000350005824000670009324500620016030000110022236200090023344000150024265000310025772053 a8528101096 cAnchieta - Colégio São Paulo aCastelo Branco, Carlos Alberto10aA máquina de pensar bonito contra o medo que o medo fazlpor10aA máquina de pensar bonito contra o medo que o medo faz a[26p.]0 a1986 1aSalamandra 4aLiteratura infanto-juvenil